000 00890nam a22003490a 4500
001 PT57813
003 AR-LpoUNG
005 20210131231842.0
008 191001s2015||||ag |||||||||||||||||spa d
020 _a9789877280258
_c$11
040 _aAR-LpoUNG
_bspa
_cAR-LpoUNG
_eaacr
041 _aspa
044 _aag
082 0 _aA861 684obr
100 1 _aSola González, Alfonso
245 1 0 _aObra poética
250 _a1ra. ed.
260 _aBuenos Aires :
_bBiblioteca Nacional,
_c2015.
300 _a510 p. :
_bil., fot.
650 4 _aANTOLOGIAS
650 4 _aARGENTINA
650 4 _aASPECTOS CULTURALES
650 4 _aLITERATURA
650 4 _aPOESIA
651 4 _aArgentina
653 _aGENERACION DEL 40
653 _aLITERATURA ARGENTINA
700 1 _aGonzález, Horacio
_epról.
700 1 _aZonana, Víctor Gustavo
_eint.
905 _a57813
942 _cLIB
999 _c12216
_d12216